000 02116nam a2200457Ii 4500
001 DIGUCOR006
003 NyNyDIG
008 181115s2005 sp a ob 000 0 eng d
006 m o d
007 cr |||||||||||
035 _a(OCoLC)1066169884
040 _aDGITA
_beng
_erda
_epn
_cDGITA
020 _z9788497491631
020 _z8497491637
050 1 4 _aTD861 ebook
082 0 4 _a628.53
111 2 _aInternational Congress on Biotechniques for Air Pollution Control
_n(1st :
_d2005 :
_cA Coruña, Spain)
245 1 0 _aBiotechniques for air pollution control :
_bproceedings of the International Congress Biotechniques for Air Pollution Control, A Coruña, Spain, october 5-7, 2005 /
_cChristian Kennes an María C. Veiga (eds.).
264 1 _aA Coruña :
_bUniversidade da Coruña, Servizo de Publicacións,
_c[2005]
300 _a1 online resource :
_billustrations.
336 _atext
_btxt
_2rdacontent
337 _acomputer
_bc
_2rdamedia
338 _aonline resource
_bcr
_2rdacarrier
490 1 _aCursos, congresos e simposios ;
_v79
504 _aIncludes bibliographical references.
588 0 _aOnline resource; title from PDF title page (Digitalia, viewed November 19, 2018)
650 0 _aAir
_xPollution
_vCongresses.
650 0 _aAir quality management
_vCongresses.
650 0 _aBiotechnology
_vCongresses.
655 7 _aConference papers and proceedings.
_2lcgft
655 0 _aElectronic books.
700 1 _aKennes, C.,
_eeditor.
700 1 _aVeiga, M. C.,
_eeditor.
791 2 _aDigitalia (Firm),
_edistributor.
793 0 _gDigitalia eBook Collection:
_aUniversidade da Coruña
776 0 8 _iPrint version:
_aInternational Congress Biotechniques for Air Pollution Control. (1st : 2005 : A Coruña).
_tBiotechniques for air pollution control.
_dA Coruña : Universidade da Coruña, Servizo de Publicacións, 2005
_z8497491637
_w(DLC) 2006353507
_w(OCoLC)63700747
830 0 _aColección Cursos, congresos e simposios ;
_v79.
856 4 0 _3Digitalia Hispánica
_uhttps://www.digitaliapublishing.com/a/1094/
910 _aPremium collection: 2018
942 _cRAA
999 _c229985
_d229985